00371nam a2200157Ia 450000000250000000300040002500600190002900700140004800800410006204000080010310000170011124500440012826000130017226000190018526000090020400746ngmaa2200277 a 4500RNLg||||fr|||| a0| fzhj bfb|||baap090707b ii f a fnsan d aeng aSidhu, Ajmer aShayad Rammi Mann Jaye Te hor Kahaniyan aPatiala, bGracious Books c2016